000 00610nam a2200181 a 4500
001 000017735
005 20240313073816.0
008 100331s2001 dr 001 0 spa d
020 _a9993429228
040 _aDO-SdBNP
_bspa
_cBNPHU
082 _axxxx
_bG943c
100 1 _aCollado, Lipe,
_d1947-
_979819
245 1 0 _aGuía de la ciudad más antigua del nuevo mundo /
_cLipe Collado.
246 1 4 _aGuía de la ciudad más antigua del nuevo mundo:
_bSanto Domingo
260 _aSanto Domingo :
_bAyuntamiento del Distrito Nacional
_bCollado,
_c2001.
300 _a53 p. :
_bil., retrs. ;
_c13 cm.
049 _aBNPD
999 _c17260
_d17260